Disney and Pixar Voices - Statistics

General Stats
  • This quiz has been taken 404 times
    302 since last reset
  • The average score is 23 of 65
Answer Stats
Character Film Answer % Correct
Woody Toy Story Tom Hanks
82%
Genie Aladdin Robin Williams
79%
Mufasa The Lion King James Earl Jones
77%
Buzz Lightyear Toy Story Tim Allen
76%
Dory Finding Nemo Ellen DeGeneres
71%
Lightning McQueen Cars Owen Wilson
68%
Simba The Lion King Matthew Broderick
67%
James "Sully" Sullivan Monsters Inc John Goodman
62%
Pacha Emperors New Groove John Goodman
62%
Mushu Mulan Eddie Murphy
60%
Anna Frozen Kristen Bell
60%
Frozone/Lucias Best The Incredibles Samuel L. Jackson
58%
Scar The Lion King Jeremy Irons
57%
Mike Wazowski Monsters Inc Billy Crystal
56%
Rapunzel Tangled Mandy Moore
56%
Elsa Frozen Idina Menzel
55%
Shenzi The Lion King Whoopi Goldberg
51%
Mater Cars Larry the Cable Guy
48%
Esmerelda Hunchback of Notre Dame Demi Moore
45%
John Smith Pocahontas Mel Gibson
45%
Ralph Wreck It Ralph John C. Reilly
42%
Olaf Frozen Josh Gad
42%
Mother Gothel Tangled Donna Murphy
39%
Vanellope Wreck It Ralph Sarah Silverman
38%
Philoctetes Hercules Danny DeVito
37%
Kuzco Emperors New Groove David Spade
37%
Ariel The Little Mermaid Jodi Benson
37%
Marlin Finding Nemo Albert Brooks
35%
Hades Hercules James Wood
35%
Elastigirl/Helen Parr The Incredibles Holly Hunter
33%
Hopper A Bug's Life Kevin Spacey
33%
Shang (singing voice) Mulan Donny Osmond
30%
Flynn Rider Tangled Zachary Levi
30%
Mr. Incredible/Bob Parr The Incredibles Craig T. Nelson
29%
Terk Tarzan Rosie O'Donnell
29%
Milo Thatch Atlantis Michael J. Fox
27%
Mulan Mulan Ming-Na Wen
27%
Jane Tarzan Minnie Driver
26%
Nala The Lion King Moira Kelly
25%
Fergus Brave Billy Connolly
24%
Thomas Pocahontas Christian Bale
24%
Elinor Brave Emma Thompson
24%
Calhoun Wreck It Ralph Jane Lynch
24%
Kristoff Frozen Jonathan Groff
24%
Nigel (the pelican) Finding Nemo Geoffrey Rush
21%
Kala Tarzan Glenn Close
21%
The Duke Frozen Alan Tudyk
20%
Merida Brave Kelley Macdonald
20%
Hercules Hercules Tate Donovan
20%
Shang Mulan BD Wong
19%
Zeus Hercules Rip Torn
18%
Jafar Aladdin Jonathan Freeman
17%
Flik A Bug's Life Dave Foley
16%
Eudora Princess and the Frog Oprah Winfrey
16%
Lord Macintosh Brave Craig Ferguson
14%
Anchor (the hammer head shark) Finding Nemo Eric Bana
14%
Dot A Bug's Life Hayden Panettiere
13%
Hook Hand Thug Tangled Brad Garrett
12%
The Witch Brave Julie Walters
11%
Governor Ratcliffe/Wiggins Pocahontas David Odgen Stiers
10%
Flounder The Little Mermaid Jason Marin
10%
Lord Dingwall Brave Robbie Coltrane
8%
Big Nose Thug Tangled Jeffrey Tambor
5%
Lord Dingwall/Young Dingwall Brave Kevin McKidd
5%
Captain of the Guard Tangled M.C. Gainey
4%
No matching quizzes found
Score Distribution
Percent of People with Each Score
Percentile by Number Answered
Your Score History
You have not taken this quiz since the last reset